Determinants of Increasing the Foreign Direct Investment Inflow into the Republic of Serbia
Skúmanie a kvantifikovanie vplyvu kľúčových ukazovateľov na možnosti zintenzívnenia zahraničnej politiky prílivom priamych investícií na srbský trh. Pri analýze boli použité ekonometrické metódy.
Gespeichert in:
| 1. Verfasser: | |
|---|---|
| Weitere Verfasser: | |
| Format: | Buchkapitel |
| Sprache: | Englisch |
| Schlagworte: | |
| Tags: |
Keine Tags, Fügen Sie das erste Tag hinzu!
|
MARC
| LEADER | 00000naa$a2200000$$$4500 | ||
|---|---|---|---|
| 001 | 0247802 | ||
| 005 | 20240502083701.9 | ||
| 041 | 0 | |a eng | |
| 044 | |a LV | ||
| 245 | 1 | 0 | |a Determinants of Increasing the Foreign Direct Investment Inflow into the Republic of Serbia |c Otília Zorkóciová, Hana Petríková |
| 520 | |a Skúmanie a kvantifikovanie vplyvu kľúčových ukazovateľov na možnosti zintenzívnenia zahraničnej politiky prílivom priamych investícií na srbský trh. Pri analýze boli použité ekonometrické metódy. | ||
| 610 | 2 | 0 | |a investície |
| 610 | 2 | 0 | |a investície priame zahraničné |
| 610 | 2 | 0 | |a investície rozvojové |
| 610 | 2 | 0 | |a transformácia |
| 610 | 2 | 0 | |a globalizácia hospodárstva |
| 610 | 2 | 0 | |a Srbsko |
| 100 | 1 | |a Zorkóciová, Otília, 1954- | |
| 700 | 1 | |a Petríková, Hana | |